| 000 -LEADER |
| fixed length control field |
00581nam a22001697a 4500 |
| 005 - DATE AND TIME OF LATEST TRANSACTION |
| control field |
20230807163434.0 |
| 008 - FIXED-LENGTH DATA ELEMENTS--GENERAL INFORMATION |
| fixed length control field |
230807s1969 enk||||| |||| 00| 0 eng d |
| 041 ## - LANGUAGE CODE |
| Language code of text/sound track or separate title |
eng |
| 080 ## - UNIVERSAL DECIMAL CLASSIFICATION NUMBER |
| Universal Decimal Classification number |
94 H-20 |
| 100 ## - MAIN ENTRY--PERSONAL NAME |
| Personal name |
Hamlyn, Paul |
| 9 (RLIN) |
19619 |
| 245 ## - TITLE STATEMENT |
| Title |
The life and times of Caesar / |
| Statement of responsibility, etc. |
Paul Hamlyn; editor Enzo Orlandi; translator Rosemary Best. |
| 300 ## - PHYSICAL DESCRIPTION |
| Extent |
75 p. ; |
| Other physical details |
30 cm. |
| 653 ## - INDEX TERM--UNCONTROLLED |
| keyword |
კეისრის ცხოვრება |
| 700 ## - ADDED ENTRY--PERSONAL NAME |
| Personal name |
Orlandi, Enzo |
| Relator term |
რედაქტორი |
| 9 (RLIN) |
19620 |
| 700 ## - ADDED ENTRY--PERSONAL NAME |
| Personal name |
Best, Rosemary |
| Relator term |
მთარგმნელი |
| 9 (RLIN) |
19621 |
| 942 ## - ADDED ENTRY ELEMENTS (KOHA) |
| Source of classification or shelving scheme |
|
| Koha item type |
წიგნი |